00605 2200229 4500001002100000005001500021035002000036007000300056008004100059020002200100082000800122084001400130100002400144245007300168250001000241260003400251300003100285500001300316650002000329990001300349990001300362INLIS00000000000107320230403090136 a0010-0423000011ta230403 g f ind  a978-979-066-044-1 a813 a813 AGH d0 aAghnia Nada Shabira1 aDunia yang berbeda :bKecil kecil punya karya /cAghnia Nada Shabira acet.3 aBandung :bDAR ! Mizan,c2009 a180 hlm. :bIlus ;c21 cm. aBiografi 4aFiksi Indonesia a08990899 a08470847